| 000 | 00420 a2200169 4500 | ||
|---|---|---|---|
| 003 | Nust | ||
| 005 | 20230123123614.0 | ||
| 040 | _cNust | ||
| 082 | _a808.83,STE | ||
| 100 |
_aSteinBeck,John _9107427 |
||
| 245 |
_aThe Winter of our Discontent / _cJohn Steinbeck |
||
| 260 |
_aLondon _bHeinemann |
||
| 300 | _a362:p | ||
| 505 | _aPart one (Page-11), Part two (Page-215). | ||
| 650 |
_aNovel _92525 |
||
| 942 |
_2ddc _cBK |
||
| 999 |
_c186397 _d186397 |
||